000 00915cam a2200229 a 4500
001 000005646
005 20200929151730.0
008 791204s1978 ve b b f001 0 spa
040 _aDO-SdBNP
_cDLC
_dDLC
082 _a987.062
_bH565p
100 1 _aHerrera, Earle,
_d1949-
_915970
245 1 1 _a¿Por qué se ha reducido el territorio venezolano? /
_cEarle Herrera.
260 _aCaracas :
_bUniversidad Central de Venezuela, Facultad de Humanidades y Educación, Escuela de Comunicación Social,
_c1978.
300 _a169 p. :
_bmaps. ;
_c22 cm.
504 _aIncluye referencias bibliográficas. p:(167 - 169)
651 4 _aVenezuela
_xPolítica Y Gobierno
_y1848-1899
_915971
651 4 _aVenezuela
_xHistoria
_y1848-1899
_915972
651 4 _aVenezuela
_xLímites
_915973
651 4 _aVenezuela
_xLímites
_zColombia
_915974
651 4 _aVenezuela
_xLímites
_zGuyana
_915975
910 _aCatalogación por copia / LC
999 _c5445
_d5445